005030000a2200145000450024501490000065000100014965000130015965000180017265000160019065100110020665300700021704100130028710000240030077300330032410aLithodytes cinereus Cope, 1885, a neglected junior synonym of Eleutherodactylus fenestratus (), 1864 ()14aFauna14aAnfibios14aSistemática14aTaxonomía 4pPerú fLeptodactylidaegEleutherodactyluseEleutherodactylus fenestratus0 aInglés1 aHoffman, Forrest M.1 tCopeia343h1q254-256d1988